Top 50 Most Used Train Stations In Sydney - Statistics

General Stats
  • This quiz has been taken 536 times
  • The average score is 33 of 50
Answer Stats
Hint Answer % Correct
233,970 Central
99%
38,000 St. Leonard’s
97%
226,810 Town Hall
96%
173,150 Wynyard
93%
92,950 Parramatta
91%
23,070 Redfern
90%
67,190 North Sydney
88%
49,910 Strathfield
88%
56,950 Chatswood
87%
51,820 Circular Quay
86%
28,190 Museum
83%
23,550 St.James
83%
55,950 Bondi Junction
82%
26,660 Hornsby
81%
35,200 Blacktown
80%
7,720 Penrith
80%
25,500 Epping
78%
20,070 Bankstown
77%
40,180 Burwood
76%
27,740 Lidcombe
75%
19,820 Liverpool
75%
50,250 Martin Place
72%
12,780 Campbelltown
71%
33,100 Kings Cross
68%
45,060 Hurstville
67%
9,150 International Airport
65%
17,100 Domestic Airport
64%
26,830 Ashfield
63%
20,020 Edgecliff
63%
18,070 Cabramatta
62%
31,870 Mascot
62%
28,350 Auburn
61%
14,730 Gordon
59%
13,050 Granville
59%
24,910 Green Square
57%
7,840 Westmead
55%
16,820 Eastwood
52%
24,840 Kogarah
51%
15,630 Fairfield
49%
12,330 Artarmon
48%
12,370 Glenfield
47%
7,870 Lindfield
43%
9,000 Marrickville
41%
9,830 Rockdale
40%
18,250 Campsie
38%
9,710 Macquarie Park
36%
8,680 Lakemba
34%
25,290 Macquarie University
32%
9,470 Flemington
30%
7,880 Holsworthy
18%
No matching quizzes found
Score Distribution
Percent of People with Each Score
Percentile by Number Answered
Your Score History
You have not taken this quiz